Responses for Show #8806 - Monday, February 13, 2023

Contestants

[<< previous game]

Jeff Paine, a retired Army officer from Colorado Springs, Colorado

Kendra Westerhaus, a licensed psychologist from Pocatello, Idaho

Mira Hayward, a writer from Portland, Oregon (whose 2-day cash winnings total $37,000)

[next game >>]

Jeopardy! Round responses

FIRST LADY FIRSTS
BREST, BUDAPEST & BUCHAREST
LOGOS
PARTY ON!
TV CATCHPHRASES
WORD HISTORY
    $200 9
(Senator) Hillary Clinton

Mira
    $200 24
Hungary

Jeff
    $200 1
the Olympic Committee

Jeff
    $200 17
crash

Jeff
    $200 7
(Mira: Who is Captain Kirk?)

Jean-Luc Picard

MiraJeff
    $200 5
a factoid

Jeff
    $400 27
(Mira: What is Rhode Island?)

Delaware

MiraKendra
    $400 25
the Danube

Jeff
    $400 2
Amazon

Mira
    $400 18
after hours

Jeff
    $400 8
How I Met Your Mother

Mira
    $400 3
(Jeff: What is a naturalist?)

a scientist

MiraJeff
    $600 10
Jacqueline Kennedy

Mira
    $600 26
Gabriel

Kendra
    $600 21
Chanel

Kendra
    $600 19
a bachelor party

Mira
    $600 14
(Ken: Correct, from Friends.)

Joey Tribbiani

Kendra
    $1,000 6
a whodunnit

Jeff
    $800 11
Melania Trump

Mira
    $800 29
Richelieu

Jeff
    $800 22
Python

Mira
    $800 20
Christmas in July

Kendra
    $800 15
Friday Night Lights

Jeff
    $800 13
absent-minded

Kendra
    $1000 12
(Jeff: Who is Bessie Trump?)
...
(Ken: Easy mistake to make.)

(Bess) Truman

KendraJeff
    $1000 30
Brittany

Jeff
    $1000 23
Ferrari

Mira
    $1000 28
bottle service

Mira
    $1000 16
(Ken: We have to say [*] for a moment and sign off but we will come right back [Wiggles ears] and chat with the players.)

nanu nanu

Jeff
    $1000 4
chortle

Kendra

Scores at the first commercial break (after clue 16):

Mira Kendra Jeff
$2,600 $3,400 $2,000

Scores at the end of the Jeopardy! Round:

Mira Kendra Jeff
$5,600 $5,800 $5,000

Double Jeopardy! Round responses

LAWYER BILLBOARDS
THEY'RE "N"TITLED
BOTANY
AIRPORTS NAMED FOR PEOPLE
ALSO A MEASUREMENT
BOB DYLAN LYRICS
    $400 29
Francis Scott Key

Mira
    $400 3
The Notebook

Kendra
    $400 16
the pistil

Kendra
    $400 1
John Lennon

Jeff
    $400 25
degree

Jeff
    $400 13
(Mira: Who is "Piano Man"?)
(Kendra: Who is "Joe"?)
...
(Ken: We had some Jimi Hendrix/Billy Joel confusion there--this is hey, [*].)

Mr. Tambourine Man

MiraKendra
Triple Stumper
    $800 30
(Ken: That's a billboard for [*], you should give him a call.)
[Jeff chuckles.]

Cicero

Triple Stumper
    $800 4
The Nightingale

Kendra
    $800 10
(Jeff: What are deciduous?)

angiosperms

Jeff
Triple Stumper
    $800 2
(Ken: Yes, where she was born.)
[ERRATUM: Mother Teresa was born in Skopje, now the capital of North Macedonia, and not Albania.]

Albania

Mira
    $800 21
pound

Mira
    $800 14
forever young

Mira
    $1200 9
(Ken: Future Supreme Court justice [*].)

Oliver Wendell Holmes Jr.

Triple Stumper
    $2,000 5
Native Son

Kendra
    $1200 11
legumes

Jeff
    $1200 15
Nairobi

Kendra
    $1200 18
(a) yard

Jeff
    $1200 27
"Like A Rolling Stone"

Kendra
    $1600 7
Clarence Darrow

Mira
    $1600 6
Naked Lunch

Mira
    $1600 12
xylem

Kendra
    $1600 22
Sydney

Jeff
    $1600 19
a second

Mira
    $3,000 28
Lenny Bruce

Kendra
    $2000 8
William Blackstone

Triple Stumper
    $2000 17
[Mira did not include "The" in her response.]

The Nickel Boys

Mira
    $2000 24
(Joseph) Priestley

Triple Stumper
    $2000 23
Ben-Gurion

Jeff
    $2000 20
mole

Jeff
    $2000 26
think twice

Kendra

Scores at the end of the Double Jeopardy! Round:

Mira Kendra Jeff
$14,800 $18,000 $13,000

[wagering suggestions for these scores]

Final Jeopardy! Round responses

WORDS FROM WORLD WAR I
(Ken: [To Jeff] They looked enough like water [*]s that that became the code name.)
...
(Ken: [To Mira] Was it going to be [*]?)
(Mira: Uhhh, no.)
(Ken: You can say, yes, now, Mira.)
(Mira: I wish I could, but no.)
JeffWhat is tank?
$13,000
MiraWhat is water
$4,000
KendraWhat is tank?
$11,601
a tank

Final scores:

Mira Kendra Jeff
$10,800 $29,601 $26,000
3rd place: $1,000 New champion: $29,601 2nd place: $2,000

Game dynamics:

Coryat scores:

Mira Kendra Jeff
$14,800 $15,800 $12,600
18 R,
3 W
17 R
(including 2 DDs),
1 W
19 R
(including 1 DD),
3 W

Combined Coryat: $43,200

[game clues] [game scores] [suggest correction]

Game tape date: 2022-12-15
The J! Archive is created by fans, for fans. Scraping, republication, monetization, and malicious use prohibited; this site may use cookies and collect identifying information. See terms. The Jeopardy! game show and all elements thereof, including but not limited to copyright and trademark thereto, are the property of Jeopardy Productions, Inc. and are protected under law. This website is not affiliated with, sponsored by, or operated by Jeopardy Productions, Inc. Join the discussion at JBoard.tv.